| 000 | 01241nam2a22002891 4500 | ||
|---|---|---|---|
| 001 | RU\NLR\INFOCOMM31\5000038063 | ||
| 005 | 20250806204356.0 | ||
| 035 | _a(NLR Aleph) 002358662 | ||
| 090 |
_a62728 _c62728 |
||
| 100 | _a20041123d1941 u y0rusy50 ca | ||
| 101 | 0 | _arus | |
| 102 | _aRU | ||
| 105 | _ay ||||000|y | ||
| 200 | 1 |
_aСодержание малых и больших ионов в атмосферном воздухе по наблюдениям в Слуцке _fМ.Н. Герасимова _gГлав. геофиз. обсерватория |
|
| 210 | _d1941 | ||
| 421 | 0 | _12001#$aК методике измерения содержания малых и средних ионов | |
| 461 | 0 |
_1001RU\NLR\INFOCOMM31\5000038020 _12001#$aТруды научно-исследовательских учреждений Гидрометслужбы СССР$hСерия 1$iМетеорология$vВып.5 |
|
| 700 | 1 |
_aГерасимова _bМ.Н. _4070 |
|
| 801 | 1 |
_aRU _bInfoComm _c20041123 |
|
| 801 | 0 |
_aRU _bNLR _gPSBO |
|
| 852 |
_aNLR _bГн10 _jГ-7/3 |
||
| 942 | _cISSUE | ||
| 945 | _aРоссийская национальная библиотека | ||
| 980 | _aNB | ||
| 980 | _aBV | ||
| 980 | _aRUSPER | ||